000 00650cab a2200205 4500
001 WB3321-33
008 090401t xxu||||| |||| 00| 0 eng d
035 _a(Sirsi) u78671
041 _aeng
245 _aBattersea power station plans
350 _a0
520 _aWarner Brothers are to be the first tenants of a £500m leisure development at Battersea power station. The company plans to build a multiscreen cinema complex at the site.
650 _aBATTERSEA POWER STATION
650 _aLEISURE DEVELOPMENT
650 _aMULTIPLEXES
650 _aWARNER BROTHERS
690 _aLEISURE AND RECREATION
942 _n0
948 _c30/05/1997
999 _c49474
_d49474